Sociedades locales y culturas en tránsito en el caribe español / (Record no. 62325)

MARC details
000 -LEADER
fixed length control field 00767nam a22001817a 4500
005 - DATE AND TIME OF LATEST TRANSACTION
control field 20220118124609.0
008 - FIXED-LENGTH DATA ELEMENTS--GENERAL INFORMATION
fixed length control field 101005n2005 mx 000 0 spa u
020 ## - INTERNATIONAL STANDARD BOOK NUMBER
International Standard Book Number 9709836013
050 04 - LIBRARY OF CONGRESS CALL NUMBER
Classification number F1408.3
Item number S63 2005
245 00 - TITLE STATEMENT
Title Sociedades locales y culturas en tránsito en el caribe español /
Statement of responsibility, etc María Teresa Cortés Zavala, coordinadora
260 ## - PUBLICATION, DISTRIBUTION, ETC. (IMPRINT)
Place of publication, distribution, etc Morelia, Michoacán, México, :
Name of publisher, distributor, etc Universidad Michoacana de San Nicolás de Hidalgo; Facultad de Historia,
Date of publication, distribution, etc 2005
300 ## - PHYSICAL DESCRIPTION
Extent 177 p. :
Other physical details il. ;
Dimensions 22 cm.
490 0# - SERIES STATEMENT
Series statement Colección Historia regional continental ;
Volume number/sequential designation 3
650 #7 - SUBJECT ADDED ENTRY--TOPICAL TERM
Source of heading or term lemb
Topical term or geographic name as entry element Condiciones sociales
Geographic subdivision Caribe (Región)
650 #7 - SUBJECT ADDED ENTRY--TOPICAL TERM
Source of heading or term lemb
Topical term or geographic name as entry element Condiciones económicas
Geographic subdivision Caribe (Región)
650 #7 - SUBJECT ADDED ENTRY--TOPICAL TERM
Source of heading or term lemb
Topical term or geographic name as entry element Historia
Geographic subdivision Caribe (Región)
942 ## - ADDED ENTRY ELEMENTS (KOHA)
Source of classification or shelving scheme Biblioteca del Cogreso de los Estados Unidos
Koha item type Libro
Holdings
Estado de pérdida Fuente de clasificación Estado del daño No para préstamo Ubicación permanente Ubicación actual Apartado o colección Fecha de adquisición Edición Dependencia de educación superior (DES) Área del conocimiento Clasificación Código de Barras Date last seen Número de copia Costo por reposición Tipo de recurso Total Checkouts
  Biblioteca del Cogreso de los Estados Unidos     Biblioteca del Instituto de Investigaciones Históricas Biblioteca del Instituto de Investigaciones Históricas General 18/01/2022 1a ed. Humanidades Ciencias Sociales y Administrativas F1408.3 S63 2005 IIH000000237 20/06/2018 C:1 1.00 Libro  
  Biblioteca del Cogreso de los Estados Unidos     Biblioteca del Instituto de Investigaciones Históricas Biblioteca del Instituto de Investigaciones Históricas General 18/01/2022 1a ed. Humanidades Ciencias Sociales y Administrativas F1408.3 S63 2005 IIH000031858 18/01/2022 C:2 1.00 Libro